| 000 | 00000nam##2200000za#4500 |
| 001 | 9.613011 |
| 003 | CaOODSP |
| 005 | 20230202144024 |
| 007 | ta |
| 008 | 150406|1997||||xxc||||| f|0| 0 eng|d |
| 020 | |a0-662-24593-8 |
| 040 | |aCaOODSP|beng |
| 043 | |an-cn--- |
| 086 | 1 |aH72-22/1-1997E |
| 110 | 2 |aNational Clearinghouse on Family Violence (Canada). |
| 245 | 10|aChild abuse and neglect |
| 260 | |aOttawa - Ontario : |bHealth Canada. |c1997. |
| 300 | |a10p. : |breferences ; |c28 cm. |
| 490 | 1 |aInformation from the National Clearinghouse on Family Violence |
| 590 | |a97-15|b1997-04-11 |
| 690 | 07|aViolence against children|2gcpds |
| 776 | 0#|tChild abuse and neglect |w(CaOODSP)9.572641 |
| 830 | #0|aInformation from the National Clearinghouse on Family Violence.|w(CaOODSP)9.514740 |